[Event "CAN-ch U20 U1800"]
[Site "Toronto"]
[Date "2018.08.11"]
[Round "7.20"]
[White "Ramesh, Sanjay"]
[Black "Jeyakumar, Bhavatharshan"]
[Result "0-1"]
[WhiteElo "1578"]
[BlackElo "1532"]
[PlyCount "78"]
[EventDate "2018.08.08"]
[EventType "swiss"]
[EventRounds "9"]
[EventCountry "CAN"]
[SourceTitle "EXT 2022"]
[Source "ChessBase"]
[SourceDate "2021.10.06"]
[SourceVersion "1"]
[SourceVersionDate "2021.10.06"]
[SourceQuality "1"]

1. d4 Nf6 2. c4 g6 3. Nc3 d5 4. cxd5 Nxd5 5. e4 Nxc3 6. bxc3 Bg7 7. Nf3 c5 8. Rb1 Nc6 9. d5 Ne5 10. Nxe5 Bxe5 11. Qc2 Qc7 12. Bb5+ Bd7 13. Bxd7+ Qxd7 14. Bh6 0-0-0 15. Be3 Qc7 16. Qb3 c4 17. Qb2 b6 18. a4 Rd7 19. Qb4 f5 20. exf5 gxf5 21. Rd1 Rhd8 22. Qb5 Bxc3+ 23. Kf1 f4 24. Rc1 Rxd5 25. Qa6+ Kb8 26. Rxc3 Rd1+ 27. Ke2 Rxh1 28. Rxc4 Qe5 29. Rxf4 Rhd1 30. Qc4 R1d2+ 31. Kf3 Qh5+ 32. Kg3 R2d3 33. Qe6 R3d6 34. Rf5 Qe2 35. Qxe7 Rg8+ 36. Kf4 Qc4+ 37. Ke5 Rd5+ 38. Ke6 Qc6+ 39. Kf7 Qg6# 0-1

[Event "Windsor NAYCC U12"]
[Site "Windsor"]
[Date "2016.08.11"]
[Round "9.104"]
[White "Jeyakumar, Bhavatharshan"]
[Black "Damarla, Rishi"]
[Result "1-0"]
[WhiteElo "1390"]
[BlackElo "1065"]
[PlyCount "57"]
[EventDate "2016.08.07"]
[EventType "swiss"]
[EventRounds "9"]
[EventCountry "CAN"]
[SourceTitle "EXT 2022"]
[Source "ChessBase"]
[SourceDate "2021.10.06"]
[SourceVersion "1"]
[SourceVersionDate "2021.10.06"]
[SourceQuality "1"]

1. e4 e5 2. Nf3 Nc6 3. Bb5 d6 4. d4 exd4 5. Nxd4 Bd7 6. Nc3 Nf6 7. 0-0 Be7 8. Be3 0-0 9. Bxc6 bxc6 10. f4 c5 11. Nf3 Bc6 12. e5 Ne4 13. Nxe4 Bxe4 14. Nd2 Bc6 15. Nc4 Qd7 16. f5 Bb5 17. b3 d5 18. f6 dxc4 19. Qxd7 Bxd7 20. fxe7 Rfe8 21. Bxc5 cxb3 22. axb3 a6 23. Rad1 Bb5 24. Rf4 h6 25. c4 Bc6 26. Rdf1 f6 27. exf6 gxf6 28. Rxf6 Kg7 29. Rxc6 1-0

[Event "CAN-ch U10"]
[Site "Windsor"]
[Date "2016.07.07"]
[Round "4.87"]
[White "Jeyakumar, Bhavatharshan"]
[Black "Imoo, Joshua"]
[Result "0-1"]
[WhiteElo "1416"]
[BlackElo "1072"]
[PlyCount "58"]
[EventDate "2016.07.05"]
[EventType "swiss"]
[EventRounds "7"]
[EventCountry "CAN"]
[SourceTitle "EXT 2022"]
[Source "ChessBase"]
[SourceDate "2021.10.06"]
[SourceVersion "1"]
[SourceVersionDate "2021.10.06"]
[SourceQuality "1"]

1. e4 e5 2. Nf3 Nc6 3. Bb5 Nge7 4. 0-0 g6 5. c3 Bg7 6. d4 exd4 7. cxd4 a6 8. Ba4 b5 9. Bb3 0-0 10. Bg5 d6 11. a3 Bg4 12. d5 Na5 13. Nc3 Nxb3 14. Qxb3 Bxf3 15. gxf3 Qd7 16. Ne2 Kh8 17. Rad1 f6 18. Bf4 f5 19. Bg3 g5 20. exf5 Nxf5 21. Kh1 Nh4 22. Bxh4 gxh4 23. f4 Rg8 24. Rg1 Rae8 25. Nd4 Bxd4 26. Rxg8+ Kxg8 27. Rxd4 Re1+ 28. Kg2 Qg4+ 29. Qg3 h3# 0-1

[Event "CAN-ch U10"]
[Site "Windsor"]
[Date "2016.07.07"]
[Round "5.92"]
[White "Ren, Alexander"]
[Black "Jeyakumar, Bhavatharshan"]
[Result "0-1"]
[WhiteElo "918"]
[BlackElo "1416"]
[PlyCount "90"]
[EventDate "2016.07.05"]
[EventType "swiss"]
[EventRounds "7"]
[EventCountry "CAN"]
[SourceTitle "EXT 2022"]
[Source "ChessBase"]
[SourceDate "2021.10.06"]
[SourceVersion "1"]
[SourceVersionDate "2021.10.06"]
[SourceQuality "1"]

1. e4 c5 2. Nf3 Nc6 3. d4 cxd4 4. Nxd4 Qc7 5. Nc3 e6 6. Be2 Nf6 7. 0-0 Bb4 8. Bf3 0-0 9. Nxc6 bxc6 10. Bd2 Bb7 11. a3 Bc5 12. Be3 Bxe3 13. fxe3 Qb6 14. Qd2 Qc7 15. b4 d5 16. Qd3 Rfd8 17. Qe2 Rac8 18. Na4 dxe4 19. Bg4 Ba6 20. Qxa6 Nxg4 21. Rf4 Nxe3 22. Qe2 Qxf4 23. Re1 Ng4 24. g3 Qg5 25. Qxe4 Nxh2 26. Kxh2 Rd2+ 27. Kh3 Qh5+ 28. Qh4 Qf5+ 29. Qg4 Rh2+ 30. Kxh2 Qxg4 31. Re3 Qh5+ 32. Kg2 Qd5+ 33. Kh3 Qh1+ 34. Kg4 h5+ 35. Kf4 Qf1+ 36. Rf3 g5+ 37. Ke3 Qe1+ 38. Kd4 Rd8+ 39. Kc4 Qe2+ 40. Rd3 Qxc2+ 41. Rc3 Qxa4 42. Kc5 Rd5+ 43. Kc4 c5 44. Rb3 cxb4 45. Rxb4 Qc2# 0-1

[Event "CAN-ch U10"]
[Site "Windsor"]
[Date "2016.07.06"]
[Round "3.83"]
[White "Kang, Dorian"]
[Black "Jeyakumar, Bhavatharshan"]
[Result "1-0"]
[WhiteElo "1790"]
[BlackElo "1416"]
[PlyCount "111"]
[EventDate "2016.07.05"]
[EventType "swiss"]
[EventRounds "7"]
[EventCountry "CAN"]
[SourceTitle "EXT 2022"]
[Source "ChessBase"]
[SourceDate "2021.10.06"]
[SourceVersion "1"]
[SourceVersionDate "2021.10.06"]
[SourceQuality "1"]

1. c4 e5 2. Nc3 Nf6 3. Nf3 Nc6 4. g3 Bc5 5. Bg2 d5 6. cxd5 Nxd5 7. Nxe5 Nxc3 8. Nxc6 Bxf2+ 9. Kf1 Nxd1 10. Nxd8 Kxd8 11. b3 Bb6 12. e3 Ba5 13. Ba3 Nxe3+ 14. dxe3 c6 15. Rd1+ Ke8 16. Kf2 Be6 17. Bb2 f6 18. h3 Kf7 19. Rd3 Rad8 20. Rhd1 Rxd3 21. Rxd3 Rd8 22. Rxd8 Bxd8 23. Ke2 Bc7 24. g4 Ke7 25. Kd3 Kd6 26. Be4 h5 27. gxh5 Bxh3 28. Bxf6 Bg4 29. Bxg7 Bxh5 30. Bh6 Ke6 31. Bg2 Bg6+ 32. e4 Ke5 33. Bg7+ Ke6 34. Bh3+ Kd6 35. Ke3 Kc5 36. Bd4+ Kd6 37. b4 Bb6 38. a3 Bxd4+ 39. Kxd4 Bxe4 40. Kxe4 c5 41. b5 a6 42. Bf1 axb5 43. Bxb5 b6 44. a4 Ke6 45. Bc4+ Kd6 46. Kf5 Kc6 47. Ke6 Kc7 48. Bb5 Kb7 49. Kd7 Kb8 50. Kc6 Ka7 51. Kc7 Ka8 52. Kxb6 Kb8 53. a5 Ka8 54. a6 c4 55. a7 c3 56. Bc6# 1-0

[Event "CAN-ch U10"]
[Site "Windsor"]
[Date "2015.07.08"]
[Round "5.98"]
[White "Jeyakumar, Bhavatharshan"]
[Black "England, Max"]
[Result "0-1"]
[WhiteElo "1345"]
[BlackElo "1611"]
[PlyCount "108"]
[EventDate "2015.07.06"]
[EventType "swiss"]
[EventRounds "7"]
[EventCountry "CAN"]
[SourceTitle "EXT 2022"]
[Source "ChessBase"]
[SourceDate "2021.10.06"]
[SourceVersion "1"]
[SourceVersionDate "2021.10.06"]
[SourceQuality "1"]

1. e4 e5 2. Nf3 Nc6 3. Bc4 Bc5 4. c3 Nf6 5. d4 exd4 6. cxd4 Bb4+ 7. Bd2 Bxd2+ 8. Nbxd2 d5 9. exd5 Nxd5 10. 0-0 0-0 11. Re1 Be6 12. Qb3 Na5 13. Qc2 c6 14. Bd3 h6 15. Ne4 b6 16. a3 Rc8 17. b4 Nb7 18. Ba6 Qe7 19. Qd2 Rfd8 20. Ne5 Rc7 21. Bxb7 Rxb7 22. Nxc6 Qd7 23. Nxd8 Qxd8 24. h3 Rd7 25. Nc3 Ne7 26. d5 Nxd5 27. Nxd5 Rxd5 28. Qc2 Rg5 29. Rad1 Qa8 30. f4 Rg3 31. Qf2 Rxa3 32. Qd2 Kh7 33. Re3 Ra2 34. Qd3+ g6 35. Re2 Rxe2 36. Qxe2 Qc8 37. Qd2 Qc4 38. Qd4 Qc2 39. Qd2 Qc4 40. Rc1 Qe4 41. Kh1 Bxh3 42. Rc7 Be6 43. Rxa7 h5 44. Ra1 h4 45. Re1 Qc6 46. Qf2 h3 47. Qf3 hxg2+ 48. Kh2 Qxf3 49. Rc1 Qxf4+ 50. Kxg2 Bd5+ 51. Kh3 Qf3+ 52. Kh4 Be6 53. Rg1 Qf4+ 54. Rg4 Qxg4# 0-1

[Event "CAN-ch U10"]
[Site "Windsor"]
[Date "2015.07.06"]
[Round "1.108"]
[White "Jeyakumar, Bhavatharshan"]
[Black "Huang, Dion"]
[Result "1-0"]
[WhiteElo "1345"]
[BlackElo "632"]
[PlyCount "85"]
[EventDate "2015.07.06"]
[EventType "swiss"]
[EventRounds "7"]
[EventCountry "CAN"]
[SourceTitle "EXT 2022"]
[Source "ChessBase"]
[SourceDate "2021.10.06"]
[SourceVersion "1"]
[SourceVersionDate "2021.10.06"]
[SourceQuality "1"]

1. e4 e5 2. Nf3 Nc6 3. Bc4 Bc5 4. d3 h6 5. 0-0 Nf6 6. Be3 Bb6 7. Nc3 0-0 8. Re1 d6 9. h3 Bxe3 10. fxe3 Na5 11. Bb3 Nxb3 12. axb3 Be6 13. d4 exd4 14. exd4 c6 15. d5 Bd7 16. e5 dxe5 17. Nxe5 cxd5 18. Nxd5 Nxd5 19. Qxd5 Qb6+ 20. Kh1 Be6 21. Qf3 Qc7 22. Qe4 Rae8 23. Rxa7 Bxb3 24. Rxb7 Qxc2 25. Qb4 Bd5 26. Nf3 Rxe1+ 27. Nxe1 Qc1 28. Re7 Qg5 29. Re2 Rc8 30. Qg4 Qxg4 31. hxg4 Rc6 32. Rd2 Re6 33. Rxd5 Rxe1+ 34. Kh2 Rb1 35. Rb5 Kh7 36. b4 Kg6 37. Rb6+ Kg5 38. b5 Kxg4 39. Rb8 f5 40. b6 f4 41. b7 f3 42. gxf3+ Kxf3 43. Rf8+ 1-0

[Event "Toronto NAYCC U08"]
[Site "Toronto"]
[Date "2013.08.18"]
[Round "8"]
[White "Xu, Bernie"]
[Black "Jeyakumar, Bhavatharshan"]
[Result "1-0"]
[WhiteElo "1123"]
[BlackElo "558"]
[PlyCount "99"]
[EventDate "2013.08.14"]
[EventType "swiss"]
[EventRounds "9"]
[EventCountry "CAN"]
[SourceTitle "EXT 2022"]
[Source "ChessBase"]
[SourceDate "2021.10.06"]
[SourceVersion "1"]
[SourceVersionDate "2021.10.06"]
[SourceQuality "1"]

1. d4 d5 2. c4 Nf6 3. cxd5 Nxd5 4. e4 Nf6 5. e5 Nfd7 6. Nf3 Nc6 7. Bb5 e6 8. 0-0 Bb4 9. a3 Be7 10. Nc3 0-0 11. Be3 h6 12. Qc2 a6 13. Ba4 b5 14. Bb3 Bb7 15. Ba2 Re8 16. Bb1 g6 17. Bxh6 a5 18. Nxb5 Ba6 19. a4 Nb4 20. Qxc7 Qxc7 21. Nxc7 Rec8 22. Nxa8 Rxa8 23. Be4 Rc8 24. Rfc1 Re8 25. Bd2 Nd5 26. Bxa5 Be2 27. Rc2 Bxf3 28. Bxf3 Bd8 29. Bxd8 Rxd8 30. Rac1 N5b6 31. a5 Nd5 32. Bxd5 exd5 33. Rc8 Rxc8 34. Rxc8+ Kg7 35. a6 Nb6 36. Rb8 Nd7 37. a7 Nxb8 38. axb8Q f5 39. exf6+ Kxf6 40. Qd6+ Kf5 41. Qxd5+ Kf6 42. b4 Ke7 43. Qc6 Kd8 44. Qb7 Ke8 45. Qc7 Kf8 46. d5 Ke8 47. b5 Kf8 48. b6 Ke8 49. b7 Kf8 50. b8R# 1-0